2022 Brisbane Lions AFL Team Quiz - Statistics

General Stats
  • This quiz has been taken 269 times
  • The average score is 24 of 44
Answer Stats
Number Answer % Correct
3 Joe Daniher
93%
9 Lachie Neale
90%
23 Charlie Cameron
88%
15 Dayne Zorko
84%
31 Harris Andrews
79%
10 Daniel Rich
77%
30 Eric Hipwood
77%
7 Jarrod Berry
75%
6 Hugh McCluggage
70%
13 Thomas Berry
70%
5 Mitch Robinson
69%
33 Zac Bailey
68%
16 Cam Rayner
67%
11 Lincoln McCarthy
66%
46 Oscar McInerney
65%
2 Deven Robertson
64%
18 Keidean Coleman
64%
34 Blake Coleman
62%
25 Daniel McStay
62%
17 Jarrod Lyons
58%
1 Kai Lohmann
57%
4 Callam Ah Chee
55%
27 Darcy Gardiner
53%
40 Jack Payne
53%
37 Brandon Starcevich
51%
44 Darcy Wilmot
47%
24 Marcus Adams
47%
36 Rhys Mathieson
47%
35 Ryan Lester
45%
8 Ely Smith
42%
19 Henry Smith
42%
20 Jaxon Prior
42%
32 Darcy Fort
41%
12 Nakia Cockatoo
41%
22 Harry Sharp
38%
43 Noah Answerth
37%
29 James Tunstill
33%
21 Tom Fullarton
32%
14 James Madden
31%
45 Kalin Lane
18%
39 Carter Michael
17%
42 Mitch Cox
13%
26 Connor McFadyen
11%
41 Deividas Uosis
10%
No matching quizzes found
Score Distribution
Percent of People with Each Score
Percentile by Number Answered
Your Score History
You have not taken this quiz